000 00644nam a22002052 4500
001 0000020120
005 20151217155907.0
008 110704s xx 000 0 eng d
040 _aKABU
_cKABU
100 1 _aKiapi, Abraham.
_@0000180206
245 1 0 _aCivil service laws in East Africa /
_cAbraham Kiapi.
250 _a1st ed.
260 _aNairobi :
_bE. A. L. B.,
_c1974.
300 _a125 p.
650 0 _aCivil service
_xLaw and legislation
_zAfrica, East.
_@0000180207
908 _a110704
950 _@1
999 _c13785
_d13785